Shah Abdul Latif's immortal song: the Song of the necklace. (Record no. 56805)

MARC details
000 -LEADER
fixed length control field 00935cam a22002891 4500
001 - CONTROL NUMBER
control field sa 64001560
003 - CONTROL NUMBER IDENTIFIER
control field DLC
005 - DATE AND TIME OF LATEST TRANSACTION
control field 20260227112003.0
008 - FIXED-LENGTH DATA ELEMENTS--GENERAL INFORMATION
fixed length control field 870806s1961 pk b 000 0 eng
010 ## - LIBRARY OF CONGRESS CONTROL NUMBER
LC control number sa 64001560
025 ## - OVERSEAS ACQUISITION NUMBER
Overseas acquisition number PL480:P-E-37
035 ## - SYSTEM CONTROL NUMBER
System control number (OCoLC)16395276
040 ## - CATALOGING SOURCE
Original cataloging agency DLC
Transcribing agency WaU
Modifying agency DLC
041 0# - LANGUAGE CODE
Language code of text/sound track or separate title engsnd
042 ## - AUTHENTICATION CODE
Authentication code premarc
050 00 - LIBRARY OF CONGRESS CALL NUMBER
Classification number PK2788.9.A2
Item number S635
100 1# - MAIN ENTRY--PERSONAL NAME
Personal name Hotchand, Tirithdas.
245 10 - TITLE STATEMENT
Title Shah Abdul Latif's immortal song: the Song of the necklace.
Statement of responsibility, etc. Foreword by A.K. Brohi.
250 ## - EDITION STATEMENT
Edition statement [1st ed.]
260 ## - PUBLICATION, DISTRIBUTION, ETC.
Place of publication, distribution, etc. Hyderabad,
-- Sind,
Name of publisher, distributor, etc. Pardeep Publications
Date of publication, distribution, etc. [1961]
300 ## - PHYSICAL DESCRIPTION
Extent xii, 112 p.
Dimensions 19 cm.
490 0# - SERIES STATEMENT
Series statement Pardeep publications,
Volume/sequential designation no. 2
500 ## - GENERAL NOTE
General note Music: p. 105-106.
500 ## - GENERAL NOTE
General note Includes text of the song in English and Sindhi.
504 ## - BIBLIOGRAPHY, ETC. NOTE
Bibliography, etc. note Bibliography: p. 109-110.
600 10 - SUBJECT ADDED ENTRY--PERSONAL NAME
Personal name ʻAbd al-Laṭīf,
Titles and other words associated with a name Shah,
Dates associated with a name approximately 1689-approximately 1752.
Title of a work Song of the necklace.

No items available.

Powered by Koha